000 00211 a2200109 4500
020 _a9780385732604
041 _aeng
100 _aCooney, Caroline B.
245 _aCode orange
942 _cBK
999 _c30006
_d30004
999 _d30004